[Event "La Fere op"]
[Site "La Fere"]
[Date "2010.07.04"]
[Round "2"]
[White "Biyidi, Thomas"]
[Black "Mestdagh, Franck"]
[Result "0-1"]
[WhiteElo "1809"]
[BlackElo "1943"]
[PlyCount "68"]
[EventDate "2010.07.03"]
[EventType "swiss"]
[EventRounds "9"]
[EventCountry "FRA"]
[SourceTitle "CBM 137 Extra"]
[Source "ChessBase"]
[SourceDate "2010.09.01"]
[SourceVersion "1"]
[SourceVersionDate "2010.09.01"]
[SourceQuality "1"]

1. c4 e6 2. Nc3 d5 3. d4 Nf6 4. Bg5 Be7 5. e3 Nbd7 6. cxd5 exd5 7. Bd3 0-0 8. Nge2 Re8 9. 0-0 c6 10. Rc1 Nf8 11. Ng3 h6 12. Bxf6 Bxf6 13. b4 Be7 14. b5 Bd6 15. bxc6 bxc6 16. Nf5 Ba3 17. Rb1 Ng6 18. Qa4 Bf8 19. Rb2 Qg5 20. Ng3 Bg4 21. Bxg6 Qxg6 22. Rb7 h5 23. h3 Bxh3 24. gxh3 h4 25. Nce2 hxg3 26. Nxg3 Rxe3 27. Kh2 Bd6 28. Rg1 Re2 29. Rb3 Rxf2+ 30. Rg2 Rxg2+ 31. Kxg2 Re8 32. Qa6 Qc2+ 33. Kg1 Re1+ 34. Nf1 Qh2# 0-1